<The> Impact of Infrastructure Spending on Economic Growth: A Case Study of Indonesia
Dokument si kladie za cieľ analyzovať vplyv výdavkov na infraštruktúru na ekonomický rast v Indonézii, ktorý zahŕňa investície do cestnej, prístavnej a zavlažovacej infraštruktúry. Obdobie pozorovania bolo 2011 - 2018, ktoré zahŕňalo 29 provincií s ohľadom na dostupnosť údajov. Štúdia využila model...
Na minha lista:
| Autor principal: | |
|---|---|
| Outros Autores: | |
| Formato: | Capítulo de Livro |
| Idioma: | inglês |
| Assuntos: | |
| Tags: |
Sem tags, seja o primeiro a adicionar uma tag!
|
MARC
| LEADER | 00000naa a2200000 4500 | ||
|---|---|---|---|
| 001 | 0277141 | ||
| 005 | 20210712114829.8 | ||
| 041 | 0 | |a eng | |
| 044 | |a SK | ||
| 245 | 1 | 0 | |a <The> Impact of Infrastructure Spending on Economic Growth: A Case Study of Indonesia |c Makmun Syadullah, Dhani Setyawan |
| 520 | |a Dokument si kladie za cieľ analyzovať vplyv výdavkov na infraštruktúru na ekonomický rast v Indonézii, ktorý zahŕňa investície do cestnej, prístavnej a zavlažovacej infraštruktúry. Obdobie pozorovania bolo 2011 - 2018, ktoré zahŕňalo 29 provincií s ohľadom na dostupnosť údajov. Štúdia využila model rastu s panelovou analýzou dát. | ||
| 610 | 2 | 0 | |a politika fiškálna |
| 610 | 2 | 0 | |a infraštruktúra |
| 610 | 2 | 0 | |a investície |
| 610 | 2 | 0 | |a rast hospodársky |
| 610 | 2 | 0 | |a poľnohospodárstvo |
| 100 | 1 | |a Syadullah, Makmun | |
| 700 | 1 | |a Setyawan, Dhani | |